Statystyki dla 10 największych miast w Indiach

Kliknij tutaj aby rozwiązać quiz!

Ogólne statystyki

  • Ten quiz został rozwiązany 40 razy
  • Średni wynik to 5 z 10

Statystyki odpowiedzi

Liczba mieszkańcówNazwa miasta% Poprawnych
11 007 835Delhi
95%
12 478 447Mumbaj
92%
4 486 679Kalkuta
84%
4 681 087Ćennaj
49%
6 809 970Hajdarabad
41%
8 425 970Bengaluru
38%
5 570 585Ahmadabad
32%
3 115 431Pune
30%
4 462 002Surat
24%
3 073 350Jaipur
19%

Rozkład punktacji

Percentyl według liczby udzielonych odpowiedzi

Procent ludzi z każdym wynikiem

Twoja historia wyników

Nie rozwiązałeś tego quizu